000 01277nas a2200337 4500
001 BR2012000424
003 BR-BrBNA
005 20231205120009.0
007 ta
008 230509b bl.|||p| |||| 00| 00por d
040 _aBR-BrBNA
_bpor
_cBiblioteca Nacional de Agricultura
041 _a(Pt)
072 _aF50
100 1 _aBona, C.
100 1 _aSilva, M.Y.B. da
100 1 _aRezende, I.M. de
100 1 _aSantos, G. de
100 1 _aSouza, L.A. de
100 1 _aInckot, R.C.
245 1 _aEfeito do solo contaminado com óleo diesel na estrutura da raiz e da folha de plântulas de Sebastiania commersoniana (Euphorbiaceae)e Schinus terebinthifolius (Anacardiaceae)
246 1 _aEffect of diesel contaminated soil on root and leaf of Sebastiania commersoniana (Euphorbiaceae)and Schinus terebinthifolius (Anacardiaceae)
650 _aANATOMIA VEGETAL
650 _aAROEIRA
650 _aSOLO
650 _aCONTAMINAÇÃO
650 _aÓLEO DIESEL
773 0 _tActa Botanica Brasilica (Brazil)
_xISSN 0102-3306
_g(Apr-Jun 2011), v. 25(2) p. 277-285
_wBR2012000424
856 4 _uhttp://acta.botanica.org.br/index.php/acta/article/viewFile/1369/438
_yRecurso eletrônico (PDF)
909 _a202311
_bLúcia
_c55
_dLúcia Elande
942 _2AGRIS
_n0
_cANA
999 _c216618
_d216618